| 000 | 01493cam a2200325 i 4500 | ||
|---|---|---|---|
| 001 | 11104 | ||
| 003 | BD-RjUL | ||
| 005 | 20211208235054.0 | ||
| 008 | 140126s1976 enka b 101 0 eng | ||
| 020 | _a0080206131 | ||
| 035 | _a(BD-RjUL)11153 | ||
| 040 |
_aDLC _cDLC _dDLC _dBD-RjUL _beng |
||
| 041 | _aeng | ||
| 082 | 0 | 0 |
_a551.46083 _bQUA 1976 |
| 245 | 0 | 0 |
_aQuantitative techniques for the analysis of sediments : _ban international symposium : proceedings of an international symposium held at the IX International Sedimentological Congress in Nice, France, on 8 July 1975 ... / _cthe meeting was cosponsored by the International Association for Mathematical Geology ; edited by Daniel F. Merriam. |
| 250 | _a1st ed. | ||
| 260 |
_aOxford ; _aNew York : _bPergamon Press, _c1976. |
||
| 300 |
_axii, 174 p. : _bill. ; _c26 cm. |
||
| 490 | 0 | _aComputers & geology | |
| 500 | _aProceedings of the 2d of a series of meetings; proceedings of the 1st are entered under Mathematical models of sedimentary processes. | ||
| 504 | _aIncludes bibliographies and index. | ||
| 650 | 0 |
_aMarine sediments _xStatistical methods _xCongresses. _934335 |
|
| 650 | 0 |
_aMarine sediments _xMathematical models _xCongresses. _934336 |
|
| 700 | 1 |
_aMerriam, Daniel Francis. _934337 |
|
| 710 | 2 |
_aInternational Association for Mathematical Geology. _934338 |
|
| 711 | 2 |
_aInternational Sedimentological Congress, _b9th, _cNice, _d1975. _934339 |
|
| 942 |
_2ddc _cBK |
||
| 999 |
_c11104 _d11104 |
||